Statistiques concernant Quiz sur la carte des monuments européens

Cliquez ici pour prendre le quiz!

Statistiques générales

  • Ce quiz a été pris 1 949 fois
  • Le résultat moyen est 13 sur 24

Réponses sur la Carte

Les réponses sont colorées sur une échelle allant du rouge au vert en fonction du pourcentage des utilisateurs qui les ont devinées à leur premier essai. Vous pouvez retrouver ces pourcentages ci-dessous.
 

Statistiques - réponses

Réponse% Correct
tour Eiffel
93%
Big Ben
88%
Carcassonne
78%
Acropole
73%
Loch Ness
73%
Colisée
71%
Tour penchée
de Pise
69%
Camp Nou
64%
Le mont Vésuve
64%
Musée Van Gogh
63%
Porte de Brandebourg
61%
Stonehenge
54%
Sognefjord
52%
La petite Sirène
51%
Murs de Dubrovnik
50%
Sainte-sophie
50%
La cathédrale Saint-Basile
44%
Le Palais d'hiver
40%
Lac de garde
37%
Palais de Schönbrunn
35%
Château de Wawel
33%
Le pont Charles
28%
Lagon bleu
24%
Matterhorn
15%

Distribution des résultats

Percentile par nombre de réponses

% des personnes avec chaque résultat

Votre développement - résultats

Vous n’avez pas pris ce quiz